000
00271nam a22001217a 4500
003
OSt
008
221123b |||||||| |||| 00| 0 eng d
041
_a
eng
082
_a
361
_b
JAW/SO
100
_a
Jawaharlal Nehru
_9
4820
245
_a
Social welfare in india
942
_c
BK
999
_c
17586
_d
17586